000 00650nam a2200241Ia 4500
005 20260430150012.0
008 008 250103s9999 xx 000 0 eng d
037 _aTheses
040 _aCRL
040 _beng
040 _ceng
041 _2eng
041 _aeng
084 _qCRL
100 _aSingh Pushpa Au.; Banerjee Madhulika Gu.
_91236170
245 0 _aPolitics of Knowledge in Development: Seed Sovereignty and Gender
260 _c2022
300 _a385p.
650 _aPolitical Science
700 _aUniversity of Delhi. Faculty of Social Science. Deptt of political Science
942 _cTH
999 _c1848700
_d1848700